Стихотворения

מידע ביבליוגרפי
מחבר ראשי: Майков А. Н. Аполлон Николаевич
מחברים אחרים: Коровин В. И. (автор предисловия), Ивашнев В. И. (составитель)
שפה:רוסית
יצא לאור: Москва, Советская Россия, 1980
סדרה:Поэтическая Россия
נושאים:
פורמט: MixedMaterials ספר
KOHA link:https://koha.lib.tpu.ru/cgi-bin/koha/opac-detail.pl?biblionumber=122411

MARC

LEADER 00000nam0a2200000 4500
001 122411
005 20231101215736.0
020 |a RU  |b 80-78002 
035 |a (RuTPU)RU\TPU\book\132540 
090 |a 122411 
100 |a 20071004d1980 m y0rusy5003 ca 
101 0 |a rus 
102 |a RU 
105 |a a z 000gy 
200 1 |a Стихотворения  |f А. Н. Майков  |g авт. предисл. В. И. Коровин; сост. и примеч. В. И. Ивашнев 
210 |a Москва  |c Советская Россия  |d 1980 
215 |a 223 с.  |c портр.  |d 17 см. 
225 1 |a Поэтическая Россия 
610 1 |a русская литература 
610 1 |a поэзия 
675 |a Р1  |z rus 
700 1 |a Майков  |b А. Н.  |c русский поэт  |f 1821-1897  |g Аполлон Николаевич  |2 stltpush  |3 (RuTPU)RU\TPU\pers\13190  |9 3874 
702 1 |a Коровин  |b В. И.  |4 080 
702 1 |a Ивашнев  |b В. И.  |4 220 
801 0 |a RU  |b RuMRKP  |c 19950704  |g psbo 
801 1 |a RU  |b 63413507  |c 20071004  |g PSBO 
801 2 |a RU  |b 63413507  |c 20071004  |g PSBO 
942 |c BK